Visualizzazione normale
Vista MARC
- Korcz Wlodzimierz
di Personal Name
Records bibliografici associati: 1
001 - CONTROL NUMBER
- control field: 25015
003 - CONTROL NUMBER IDENTIFIER
- control field: IT-RoPau
005 - DATE AND TIME OF LATEST TRANSACTION
- control field: 20140514163409.0
008 - FIXED-LENGTH DATA ELEMENTS
- fixed length control field: 140514|| aca||aabn | a|a d
040 ## - CATALOGING SOURCE
- Original cataloging agency: IT-RoPau
- Transcribing agency: IT-RoPau
100 ## - HEADING--PERSONAL NAME
- Personal name: Korcz Wlodzimierz
- Miscellaneous information: Codice interprete SPICS: 23054
- Relator term: Interprete
670 ## - SOURCE DATA FOUND
- Source citation: Work cat.: (IT-RoPau)101834: Korcz Wlodzimierz 25011, Moje Piosenki (Lp Sx 2535)